00820nam a2200229Ia 4500008004100000041001200041082001200053100005000065245005600115260003700171300000800208365000800216520001400224546001200238630005600250650001400306655001400320730005600334942000900390999001900399952017200418101110s9999 xx 000 0 und d aENGLISH bSR29221 aRaghuramam K.Prabhu D.V.Sathe P.A. and ohters aBasic Principles in Analytical Chemistry (T.Y.B.Sc) c2005bSheth Pub. Pvt Ltd, Mumbai a372 b120 aChemistry aENGLISH aBasic Principles in Analytical Chemistry (T.Y.B.Sc) aChemistry aChemistry aBasic Principles in Analytical Chemistry (T.Y.B.Sc) cBOOK c821734d821731 00104070aDBJbDBJd0000-00-00ePrashan Book Depo and General Stoers Chiplun, Bill No.465 Dt.23/1/07g120.00j0l0pDBJSR29221r2010-11-11 00:00:00w2010-11-11yBOOK